| 000 | 00688nam a2200217 i 4500 | ||
|---|---|---|---|
| 001 | 37944 | ||
| 003 | ES-MaACL | ||
| 005 | 20230906155653.0 | ||
| 007 | t| | ||
| 008 | 030224s1970 sp ||||1| spa d | ||
| 100 | 1 |
_aCaillois, Roger. _933463 |
|
| 245 | 1 | 0 |
_aImágenes, imágenes... _b: (sobre los poderes de la imaginación) / _cRoger Caillois ; [traducción de: Dolores Sierra y Néstor Sánchez]. |
| 250 | _a1ª ed. | ||
| 260 |
_aBarcelona : _bEdhasa, _c1970. |
||
| 300 |
_a106 p. ; _c19 cm. |
||
| 650 | 0 | 4 |
_aImaginación. _913598 |
| 650 | 0 | 4 |
_aSueños. _917252 |
| 700 | 1 |
_aSierra, Dolores. _9106247 |
|
| 700 | 1 |
_aSánchez, Néstor. _9102415 |
|
| 852 |
_aES-MaACL _jC-46009 _bR.76031 |
||
| 999 |
_c37944 _d37944 |
||